UBT Library

TOOLS FOR PRIMARY CARE RESEARCH (Record no. 60043)

000 -LEADER
fixed length control field 00335nam a22001457a 4500
008 - FIXED-LENGTH DATA ELEMENTS--GENERAL INFORMATION
fixed length control field 230626b ||||| |||| 00| 0 eng d
020 ## - INTERNATIONAL STANDARD BOOK NUMBER
International Standard Book Number 0803943113
041 ## - LANGUAGE CODE
Language code of text/sound track or separate title eng
080 ## - UNIVERSAL DECIMAL CLASSIFICATION NUMBER
Edition identifier VOLUME 3
Universal Decimal Classification number 610.73
082 ## - DEWEY DECIMAL CLASSIFICATION NUMBER
Classification number 610.73STE
100 ## - Rafti
Rafti 7
101 ## - Shkurtesa
Shkurtesa INF
245 ## - TITLE STATEMENT
Title TOOLS FOR PRIMARY CARE RESEARCH
Statement of responsibility, etc STEWART.M
942 ## - ADDED ENTRY ELEMENTS (KOHA)
Source of classification or shelving scheme
Item type Books
Holdings
Withdrawn status Lost status Source of classification or shelving scheme Damaged status Not for loan Collection code Permanent location Current location Date acquired Total Checkouts Full call number Barcode Date last seen Price effective from Koha item type
          Koleksioni i përgjithshem UBT - Lipjan UBT - Lipjan 06/26/2023   610.73STE 002-800080681 06/26/2023 06/26/2023 Books
UBT Library © 2015-2024. All rights reserved University Education for Business and Technology